000 00481nam a2200205Ia 4500
003 OSt
005 20221005120833.0
006 a|||||r|||| 00| 0
007 ta
008 221004b |||||||| |||| 00| 0 eng d
024 _a114639
037 _cTextual
040 _aCRL
_cCRL
_beng
041 _2eng
_aeng
100 _aAgarwal B D
_9629717
245 0 _aFinancial accounting Advanced
260 _c1984
942 _cTEXL
_2cc
999 _c1039280
_d1039280